| 000 | 00444nam a22001697a 4500 | ||
|---|---|---|---|
| 003 | CEME | ||
| 005 | 20210628203308.0 | ||
| 008 | 210122b xxu||||| |||| 00| 0 eng d | ||
| 040 | _c. | ||
| 082 | _a301 HAW | ||
| 100 |
_aHawley, Amos H _964542 |
||
| 245 | _aHuman ecology, a theory of community structure | ||
| 260 |
_aISLAMABAD _bNATIONAL BOOK FOUNDATION _c2007 |
||
| 300 | _aXVI,456 P | ||
| 650 |
_aHUMAN ECOLOGY _912681 |
||
| 942 |
_cBK _2ddc |
||
| 999 |
_c572998 _d572998 |
||